000 00652nam a2200229 a 4500
005 20240920064104.0
008 030319s2001 mx r 000 0 spa d
020 _a8482395629
035 _aUPN01000123091
049 _aCG
050 4 _aLB1139.23
_bC6.3 2001
100 1 _aCorominas, Fernando
_931180
245 1 0 _aEducar hoy /
_cFernando Corominas.
250 _a13a ed. rev. y aum.
260 _aMadrid :
_bPalabra,
_c2001.
300 _a248 p.
440 0 _aHacer familia ;
_v1.
_pSerie A : Cómo educar
650 4 _aEducación de niños
_95387
650 4 _aPsicopedagogía
_95085
650 4 _aPensamiento creativo
_912761
905 _aLibro
999 _c95272
_d95272